| 000 | 00823nam a2200265 4500 | ||
|---|---|---|---|
| 003 | OSt | ||
| 005 | 20260530113914.0 | ||
| 008 | 260507b19481985mx ||||| |||| 00| 0 spa d | ||
| 040 |
_aICI _bspa _cICI _erda |
||
| 041 | _aspa | ||
| 082 |
_2TP897 _a56 2000 |
||
| 100 |
_aDa Fontoura Marcia Simoes _933794 |
||
| 245 | 1 | 0 | _aColorantes naturales para algodón y lana. |
| 260 |
_a[S.l.] : _b[s.n.], _c[s.f.] |
||
| 300 |
_a1 volumen : _bilustraciones ; _c24 cm. |
||
| 504 | _aIncluye referencias bibliográficas. | ||
| 650 | 4 |
_aColorantes naturales. _933795 |
|
| 650 | 4 |
_aTeñido de textiles. _933796 |
|
| 650 | 4 |
_aAlgodón _xTeñido. _933797 |
|
| 650 | 4 |
_aLana _xTeñido. _933798 |
|
| 650 | 4 |
_aTintorería textil. _933799 |
|
| 650 | 4 |
_aFibras textiles naturales. _933800 |
|
| 650 | 4 |
_aArtes textiles. _933801 |
|
| 942 |
_2lcc _cBK _n1 |
||
| 999 |
_c12218 _d12218 |
||